| 000 | 00359nam a2200133Ia 4500 | ||
|---|---|---|---|
| 005 | 20251222144646.0 | ||
| 008 | 251222s9999||||xx |||||||||||||| ||spa|| | ||
| 020 | _a978-9972-57-215-9 | ||
| 082 | _a305.42/R68 | ||
| 100 | _aRivera-Mata, Juan | ||
| 245 | 0 | _aLiderazgo, Mujeres y Sociedad en América Latina | |
| 264 | _bUniversidad del Pacífico | ||
| 942 | _cLIB | ||
| 999 |
_c16893 _d16893 |
||